00788nam a22001577a 4500003000400000005001700004008004100021040002200062082001900084100002000103245008100123260003900204300003100243520033700274700001900611OSt20260504015032.0260504b |||||||| |||| 00| 0 eng d aDWCL GS lib cOC  aFic. K26c 1972 aKeene, Carolyn  anancy drew mystery stories 20 b: the clue in the jewel box cCarolyn Keene  aNew York bGrosset & Dunlapcc1943 a181billustrations c19cm  aIn The Clue in the Jewel Box (#20, 1943), Nancy Drew helps Madam Alexandra, a former European queen living incognito in River Heights, find her long-lost grandson. While searching for the prince, Nancy must also identify a dangerous pickpocket operating in the city. Nancy solves both cases using clues found in a musical jewel box. aCarolyn Keene